Major faith traditions of India/ (Record no. 10870)

MARC details
000 -LEADER
fixed length control field 00673 a2200205 4500
010 ## - LIBRARY OF CONGRESS CONTROL NUMBER
LC control number ENG-89580
020 ## - INTERNATIONAL STANDARD BOOK NUMBER
International Standard Book Number 8172149611
Terms of availability 250.00
035 ## - SYSTEM CONTROL NUMBER
System control number EN-73113
037 ## - SOURCE OF ACQUISITION
Source of stock number/acquisition DBAD / PUB
082 14 - DEWEY DECIMAL CLASSIFICATION NUMBER
Classification number 290
090 ## - LOCALLY ASSIGNED LC-TYPE CALL NUMBER (OCLC); LOCAL CALL NUMBER (OCLC)
-- 11176
-- 11176
100 1# - MAIN ENTRY--PERSONAL NAME
Personal name Lalrinawma, V.S.
245 1# - TITLE STATEMENT
Title Major faith traditions of India/
Statement of responsibility, etc by V.S. Lalrinawma
260 ## - PUBLICATION, DISTRIBUTION, ETC. (IMPRINT)
Place of publication, distribution, etc Delhi
Name of publisher, distributor, etc ISPCK
Date of publication, distribution, etc 2007
270 ## - ADDRESS
Address Post Box 1585, 1654 Madarsa Road, Kashmere Gate
City Delhi
Postal code 110 006
300 ## - PHYSICAL DESCRIPTION
Extent xvii, 381p.
Dimensions 22cm (Pbk)
500 ## - GENERAL NOTE
General note Includes bibliographical references
942 ## - ADDED ENTRY ELEMENTS (KOHA)
Institution code [OBSOLETE] dpl
Koha item type English Books
Call number prefix 290/ LAL
Holdings
Withdrawn status Lost status Source of classification or shelving scheme Damaged status Not for loan Collection code Home library Current library Source of acquisition Cost, normal purchase price Total Checkouts Full call number Barcode Date last seen Copy number Uniform Resource Identifier Cost, replacement price Price effective from Koha item type
    Dewey Decimal Classification   Not For Loan Non-fiction D.B.Act.Division D.B.Act.Division DBAD/PUB 250.00   290 LAL EN-73113 15/09/2008 1 11971 250.00 15/09/2008 English Books

© Delhi Public Library
Hit Counter
free hit counter